Movies Quiz

Random Movies or Disney Quiz
Score 0/16 Timer 03:00
12 Plays Today
Year Movie % Correct
1950Cinderella
83.7%
2013Frozen
74.6%
1998Mulan
66%
1992Aladdin
65.9%
2010Tangled
60.6%
1940Fantasia
60.4%
2016Moana
59.3%
1995Pocahontas
57.2%
Year Movie % Correct
1941Dumbo
54.6%
1942Bambi
52.5%
1940Pinocchio
52.4%
1999Tarzan
42.1%
1997Hercules
41.5%
2016Zootopia
39.8%
2008Bolt
28.2%
2000Dinosaur
15.9%
Remove Ads.
Support Sporcle.
Get the best of Sporcle when you Go Orange. This ad-free experience offers more features, more stats, and more fun while also helping to support Sporcle. Thank you for becoming a member.

You're not logged in!

Compare scores with friends on all Sporcle quizzes.
OR
Log In

Show Comments

Extras

Top Quizzes Today


Score Distribution

Your Account Isn't Verified!

In order to create a playlist on Sporcle, you need to verify the email address you used during registration. Go to your Sporcle Settings to finish the process.

Report this User

Report this user for behavior that violates our Community Guidelines.

Details: